Oficina Tècnica del Pla d'Igualtat : programes i activitats (2000-2002) programes i activitats (2000-2002)
Descripción Física:
[3] p. ; 21 cm
MARC
| LEADER | 00000nam a2200000Ia 4500 | ||
|---|---|---|---|
| 001 | 15038 | ||
| 008 | 160829s2000 xx 000 0 cat d | ||
| 080 | |a FU-33-42 | ||
| 110 | 1 | |a Barcelona (Catalunya : Província). |b Oficina Tècnica del Pla d'Igualtat |9 54965 | |
| 245 | |a Oficina Tècnica del Pla d'Igualtat : |b programes i activitats (2000-2002) | ||
| 260 | |a Barcelona : |b Diputació de Barcelona, Oficina Tècnica del Pla d'Igualtat, |c 2000 | ||
| 300 | |a [3] p. ; |c 21 cm | ||
| 610 | 1 | 0 | |a Barcelona (Catalunya : Província). |b Oficina Tècnica del Pla d'Igualtat |9 54965 |
| 650 | |a Dones |x Serveis socials |9 30585 | ||
| 901 | |a Arxiu | ||
| 942 | |n 1 | ||
| 952 | |0 0 |1 0 |4 0 |6 FU3342 |7 1 |9 45450 |a Arxiu |b Arxiu |d 2016-12-01 |l 0 |o FU-33-42 |p 15038 |r 2016-12-01 00:00:00 |w 2016-12-01 |y ARXIU | ||
| 999 | |c 48615 |d 48615 | ||